Censusing primates by transect in forest of known primate density (Registro nro. 10204)

Detalles MARC
000 -CABECERA
Campo de control 006530000a22001930004500
090 ## - CLASIFICACIÓN LOCAL
Colección AR
Consecutivo 01118
041 0# - IDIOMA
Código de idioma para texto/pista de sonido o título separado
100 1# - ASIENTO PRINCIPAL--NOMBRE PERSONAL
Nombre personal Defler, Thomas R.
245 10 - MENCION DE TITULO
Título Censusing primates by transect in forest of known primate density
650 14 - ASIENTO SECUNDARIO DE MATERIA - TERMINO TEMATICO
Término temático o nombre geográfico como elemento de entrada Técnicas de censos
650 14 - ASIENTO SECUNDARIO DE MATERIA - TERMINO TEMATICO
Término temático o nombre geográfico como elemento de entrada Poblaciones estimadas
650 14 - ASIENTO SECUNDARIO DE MATERIA - TERMINO TEMATICO
Término temático o nombre geográfico como elemento de entrada Transectos
651 #4 - ASIENTO SECUNDARIO DE MATERIA - NOMBRE GEOGRAFICO
-- Parque Nacional Natural El Tuparro
-- Vichada
-- Colombia
653 ## - TERMINO DE INDIZACION - NO CONTROLADO
-- Callicebus
-- Callicebus torquatus
653 ## - TERMINO DE INDIZACION - NO CONTROLADO
-- Cebus
-- Cebus apella
700 1# - ASIENTO SECUNDARIO - NOMBRE PERSONAL
Nombre personal Pintor, Dilver
773 1# - Item fuente:
Título International Journal of Primatology
Especificación de materiales 162
Descripción física 3
Paginas del Articulo 243-258
Lugar, editorial y fecha de publicación 1985
Información sobre la relación 6
942 ## - ELEMENTOS ADICIONALES (KOHA)
Tipo de ítem Artículo
Existencias
Withdrawn status Lost status Damaged status No para préstamo Colección Ubicación Permanente Ubicación actual Fecha de adquisición Datos de publicación Seriada Total Checkouts Número topográfico Inventario / Código de Barras Date last seen Ejemplar Price effective from Forma de adquisición Tipo de material
      No para Préstamo Hemeroteca Bogotá Bogotá 27/02/2015 Fuera de circulación   AR 01118 011436 25/03/2015 1 25/03/2015   Artículo